Basic electrical engineering and electronics

Salvato in:
Dettagli Bibliografici
Autore principale: SHARMA, D.K
Natura: Libro
Lingua:inglese
Pubblicazione: CBS Publishers 2007
Tags: Aggiungi Tag
Nessun Tag, puoi essere il primo ad aggiungerne!!

MARC

LEADER 00000nam a22000007a 4500
008 240703b |||||||| |||| 00| 0 eng d
020 |a 9788123935081 
100 |a SHARMA, D.K. 
245 |a Basic electrical engineering and electronics  |c /D.K.Sharma  |g xvi, 852p;ill 
250 |b 4th 
260 |b CBS Publishers  |c 2007  |h New Delhi  |i 701656  |i 701657  |l TK146.Sh2  |m Electronics  |m Electrical engineering 
942 |a lcc  |c BK  |e Johnson  |f 3/7/24 
952 |0 0  |1 0  |2 lcc  |4 0  |6 TK0146 S H2  |7 0  |9 5368  |a TL  |b HOL  |c QZ  |d 2024-07-03  |l 0  |o TK146.Sh2  |p 2024-0609  |r 2024-07-03 00:00:00  |t 701656  |w 2024-07-03  |y BK 
952 |0 0  |1 0  |2 lcc  |4 0  |6 TK0146 S H2  |7 0  |9 5369  |a HOL  |b HOL  |c QZ  |d 2024-07-03  |l 0  |o TK146.Sh2  |p 2024-0610  |r 2024-07-03 00:00:00  |t 701657  |w 2024-07-03  |y BK 
999 |c 2657  |d 2657